El misterio del Castillo Mordach / (Registro nro. 9413)

Detalles MARC
000 -LEADER
fixed length control field 00933nam a22003251 4500
001 - CONTROL NUMBER
control field 001127839
003 - CONTROL NUMBER IDENTIFIER
control field DO-SdBNP
005 - DATE AND TIME OF LATEST TRANSACTION
control field 20180201112938.0
007 - PHYSICAL DESCRIPTION FIXED FIELD--GENERAL INFORMATION
fixed length control field 001127839
008 - FIXED-LENGTH DATA ELEMENTS--GENERAL INFORMATION
fixed length control field 920725s1972 sp spa
016 7# - NATIONAL BIBLIOGRAPHIC AGENCY CONTROL NUMBER
Record control number
Canceled/invalid record control number
017 ## - COPYRIGHT OR LEGAL DEPOSIT NUMBER
Copyright or legal deposit number
Assigning agency
035 ## - SYSTEM CONTROL NUMBER
System control number (OCoLC)432563368
040 ## - CATALOGING SOURCE
Original cataloging agency BPMSU
Language of cataloging spa
Transcribing agency BPMSU
041 1# - LANGUAGE CODE
Language code of text/sound track or separate title spa
080 #0 - UNIVERSAL DECIMAL CLASSIFICATION NUMBER
Universal Decimal Classification number
100 1# - MAIN ENTRY--PERSONAL NAME
Personal name Mac Kellar, William
240 10 - UNIFORM TITLE
Uniform title <a href="Mystery of Mordac castle">Mystery of Mordac castle</a>
Language of a work Español
245 13 - TITLE STATEMENT
Title El misterio del Castillo Mordach /
Statement of responsibility, etc. William Mac Kellar ; ilustrado por Gema Sales ;traducción de Mariano y Rafael Orta]
Medium
260 ## - PUBLICATION, DISTRIBUTION, ETC. (IMPRINT)
Place of publication, distribution, etc. Barcelona :
Name of publisher, distributor, etc. Toray,
Date of publication, distribution, etc. 1972.
300 ## - PHYSICAL DESCRIPTION
Extent 142 p. :
Other physical details il. ;
Dimensions 21 cm.
490 1# - SERIES STATEMENT
Series statement Jóvenes Audaces
Volume/sequential designation 5
700 12 - ADDED ENTRY--PERSONAL NAME
Personal name Sales, Gemma,
Dates associated with a name 1945-
Relator term il.
700 12 - ADDED ENTRY--PERSONAL NAME
Personal name Orta Manzano, Mariano,
Relator term tr.
700 1# - ADDED ENTRY--PERSONAL NAME
Personal name
830 #0 - SERIES ADDED ENTRY--UNIFORM TITLE
Name of part/section of a work Jóvenes Audaces
Volume number/sequential designation 5
942 ## - ADDED ENTRY ELEMENTS (KOHA)
Source of classification or shelving scheme Dewey Decimal Classification
Koha item type Libros
945 ## - LOCAL PROCESSING INFORMATION (OCLC)
a Inventariado, 2018 /LP
956 ## - LOCAL ELECTRONIC LOCATION AND ACCESS (OCLC)
Host name VMATEO
Access number 10
Existencias
Withdrawn status Lost status Source of classification or shelving scheme Damaged status Not for loan Collection code Home library Current library Date acquired Source of acquisition Total Checkouts Barcode Date last seen Price effective from Koha item type
    Dewey Decimal Classification     Colección General Biblioteca Pública Metropolitana Salomé Ureña Biblioteca Pública Metropolitana Salomé Ureña 03/29/2016 FUNDI   BPMSU16030297 03/29/2016 03/29/2016 Libros